| 000 | 00418nam a2200133Ia 4500 | ||
|---|---|---|---|
| 008 | 190228s9999 xx 000 0 und d | ||
| 020 | _a9780857087331 | ||
| 100 | _aHasson, Gill. | ||
| 245 |
_cGill Hasson.-- _aConfidence pocketbook : _blittle excercises for a self-assured life / |
||
| 260 |
_aUnited Kingdom : _bJohn Willey & Sons _c2017 |
||
| 300 | _a109 pages. | ||
| 650 | _aConfidence. | ||
| 650 | _aSelf-confidence. | ||
| 999 |
_c361294 _d361294 |
||